000 01232nam a2200265Ia 4500
999 _c38955
_d38955
001 5401
003 GE_BSU
005 20191022115024.0
008 181216s2010||||ge |||||||||||||| ||geo||
020 _a9789941417856
040 _cGE_BSU
041 _ageo
080 _a27-47
100 _aბასილაძე, იმერი
_94917
245 _aქრისტიანული პედაგოგიკის საგანი, ამოცანები, პრინციპები და მეთოდები :
_cიმერი ბასილაძე; რედ. ჯემალ ჯინჯიხაძე.
264 _aქუთაისი :
_bაკაკი წერეთლის სახ. უნ-ტის გამ-ბა,
_c2010.
300 _a160 გვ. ;
_b20 სმ.
504 _aბიბლიოგრ.: გვ. 146-159.
520 _aრეზ. ინგლ.
653 _aქრისტიანული სწავლება
653 _aრელიგია
700 _aჯინჯიხაძე, ჯემალ
_eრედაქტორი
_94927
710 _aაკ. წერეთლის სახელმწ. უნ-ტი
_94924
942 _cBK
_2udc